| 000 | 00865nam a2200217 i 4500 | ||
|---|---|---|---|
| 001 | 85047 | ||
| 003 | ES-MaACL | ||
| 005 | 20230906175154.0 | ||
| 007 | t| | ||
| 008 | 041125s1917 sp ||||1| spa d | ||
| 080 | _a914.603.55(234) | ||
| 100 | 1 |
_aJiménez, Ernesto. _966404 |
|
| 245 | 1 | 0 |
_aEspaña, centro del mundo _b: macizos montañosos del contorno suribérico y proyectos de engrandecimiento / _cprólogo de Antonio Prast ; texto y proyectos de Ernesto Jiménez. |
| 260 |
_a: [S.l.] : _bClub Alpino Español, Sección de Estudio de Proyectos, _c1917 ( _e[Madrid : _fV.H. de Sanz Calleja, imp.) |
||
| 300 |
_a59 p., [21] h. de lám., [6] h. pleg. de mapas ; _c29 cm. |
||
| 500 | _aTomo I" | ||
| 650 | 4 |
_aMontañas- _zCádiz (Provincia) _9147236 |
|
| 700 | 0 |
_aPrast, Antonio. _993657 |
|
| 710 | 0 |
_aClub Alpino Español. _92853 |
|
| 852 |
_aES-MaACL _j1541-F-7 |
||
| 999 |
_c85047 _d85047 |
||